1068 1424 1263 2000 1747 1068 1190 1983 1665 1907 1142 1457 1236 1428 1877 1810 1875 1954 1019 1092 1598 1225 1225 1541 1414 1833 1891 1806 1233 1116 1262 1055 1160 1275 1963 1947 1529 1348 1380 1645 1337 1351 1769 1356 1390 1112 1399 1791 1177 1740 1433 1700 1858 1717 1938 1031 1840 1503 1539 1611 1331 1583 1891 1290 1439 1208 1715 1834 1957 1811 1912 1169 1224 1360 1532 1693 1695 1595 1649 1654 1914 1960 1770 1201 1344 1620 1854 1007 1463 1841 1339 1859 1810 1619 1337 1545 1134 1880 1298 BCNSPRNW ULIB Ver.6.0+V

เปลี่ยนเป็นภาษาไทย

Change to English
 แสดงรายละเอียดบรรณานุกรม
  กลับหน้าหลัก

Brief Record : Get Marc (ISO 2709) : E-mail record : QR code < ปิดหน้าต่าง
LEADER : 00000nam 2200000uu 4500
001    13399121009
003     ULIB
008    020711s2548 th a 000 0 tha d
020    9789746114578(ล1)
020    9746114573(ล.2)
050  4 HG4515^bส719ก
110    มหาวิทยาลัยสุโขทัยธรรมาธิราช.^bสาขาวิทยาการจัดการ
245    การลงทุน หน่วยที่1-6/^cมหาวิทยาลัยสุโขทัยธรรมาธิราช
250    พิมพ์ครั้งที่ 13
260    นนทบุรี :^bมหาวิทยาลัยสุโขทัยธรรมาธิราช.,^c2548
650    การลงทุน
945    ^p0^l0^i24392
945    ^p0^l0^i24393
999    ^aทศพร เกษรทอง
รายการนี้ยังไม่มีแท็ก
คุณยังไม่ได้ล็อกอิน คุณสามารถมีกิจกรรมร่วมกับเว็บไซต์ได้ แต่ต้องล็อกอินก่อน ::
  ล็อกอิน

รายการสื่อสารสนเทศ

ลำดับที่ ประเภท เลขเรียก/บาร์โค้ด สถานที่ สถานะ
1. วิทยาศาสตร์การแพทย์ และสุขภาพ
วิทยาศาสตร์การแพทย์ และสุขภาพ
HG4515 ส719ก ฉ.1 
  Barcode: 24392
ห้องสมุดวิทยาเขตสวรรค์ประชารักษ์
►หนังสือทั่วไป
บนชั้น
2. วิทยาศาสตร์การแพทย์ และสุขภาพ
วิทยาศาสตร์การแพทย์ และสุขภาพ
HG4515 ส719ก ฉ.2 
  Barcode: 24393
ห้องสมุดวิทยาเขตสวรรค์ประชารักษ์
►หนังสือทั่วไป
บนชั้น

รายการใกล้เคียง
    หัวเรื่อง [การลงทุน]

BibComment


ยังไม่เคยถูกคอมเมนท์

คอมเมนท์ทรัพยากรรายการนี้
  คอมเมนท์: การลงทุน หน่วยที่..


 Copyright 2026. Bcnsprnw @Library